000 00566nam a2200217Ia 4500
005 20260429112112.0
008 260429s9999||||xx |||||||||||||| ||und||
020 _a9781032060835
041 _aEnglish
082 _a572.43
_bKLO
100 _aKlostermeier, Dagmar
245 0 _aBiophysical chemistry /
_cDagmar Klostermeier
250 _a2nd ed.
260 _aBoca Raton :
_bCRC Press,
_c2025.
300 _axxii, 922 p.; hb
650 _a Biophysical
650 _a Thermodynamics
650 _aChemistry
700 _a Rudolph, Markus G.
942 _cTB
999 _c52365
_d52365